000 00314nam a2200133Ia 4500
005 20251222143251.0
008 251222s9999||||xx |||||||||||||| ||spa||
020 _a978-88-430-2334-9
082 _a455/L89
100 _aLorenzetti, Luca
245 0 _aL'Italiano Contemporáneo
264 _bCarocci
942 _cLIB
999 _c14977
_d14977